| 000 | 00424nam a2200157Ia 4500 | ||
|---|---|---|---|
| 008 | 230312s9999||||xx |||||||||||||| ||und|| | ||
| 020 | _a1-4398-4018-4 | ||
| 082 |
_a621.042 _bFOR-R |
||
| 100 | _aFornasiero;Paolo | ||
| 245 | 0 | _aRenewable Resources and Renewable Energy | |
| 260 |
_bCRC Press _aUSA _c2012 |
||
| 300 | _a490 | ||
| 546 | _aEng. | ||
| 650 |
_aEngineering _vRenewable Resources and Renewable Energy |
||
| 942 | _cBK | ||
| 999 |
_c7427 _d7427 |
||